Detalles MARC
| 000 -LEADER |
| campo de control de longitud fija |
03817cam a22006734i 4500 |
| 003 - IDENTIFICADOR DE NÚMERO DE CONTROL |
| campo de control |
PE-LiUPU |
| 005 - FECHA Y HORA DE LA ÚLTIMA TRANSACCIÓN |
| campo de control |
20250731180117.0 |
| 008 - DATOS DE LONGITUD FIJA--INFORMACIÓN GENERAL |
| campo de control de longitud fija |
190311s2017 mx a rb 001 0 spa d |
| 020 ## - NÚMERO INTERNACIONAL ESTÁNDAR DEL LIBRO |
| Número Internacional Estándar del Libro |
6074486220 |
| 020 ## - NÚMERO INTERNACIONAL ESTÁNDAR DEL LIBRO |
| Número Internacional Estándar del Libro |
9786074486223 |
| 035 ## - NÚMERO DE CONTROL DEL SISTEMA |
| Número de control de sistema |
(Sirsi) a251933 |
| 040 ## - FUENTE DE CATALOGACIÓN |
| Centro catalogador/agencia de origen |
PE-LiUPU |
| Lengua de catalogación |
spa |
| Centro/agencia transcriptor |
PE-LiUPU |
| Normas de descripción |
rda |
| 049 ## - FONDOS LOCALES (OCLC) |
| Biblioteca depositaria |
PRUA |
| 082 04 - NÚMERO DE LA CLASIFICACIÓN DECIMAL DEWEY |
| Número de clasificación |
519.23 |
| Cutter |
G71 |
| Número de edición |
20 |
| 100 1# - ENTRADA PRINCIPAL--NOMBRE DE PERSONA |
| Nombre de persona |
González Betanzos, Fabiola, |
| Término indicativo de función/relación |
autor. |
| 245 10 - MENCIÓN DEL TÍTULO |
| Título |
Estadística aplicada en Psicología y Ciencias de la Salud / |
| Mención de responsabilidad, etc. |
[coordinadores y autores]Fabiola González Betanzos, María del Consuelo Escoto Ponce de León, Joanna Koral Chávez López ;Erika Álvarez Álvarez [y otros veintinueve colaboradores]. |
| 250 ## - MENCION DE EDICION |
| Mención de edición |
1a edición. |
| 264 #1 - PRODUCCIÓN, PUBLICACIÓN, DISTRIBUCIÓN, FABRICACIÓN Y COPYRIGHT |
| Producción, publicación, distribución, fabricación y copyright |
México : |
| Nombre del de productor, editor, distribuidor, fabricante |
Manual Moderno, |
| Fecha de producción, publicación, distribución, fabricación o copyright |
2017. |
| 300 ## - DESCRIPCIÓN FÍSICA |
| Extensión |
xiv, 417 páginas : |
| Otras características físicas |
ilustraciones ; |
| Dimensiones |
26 centímetros |
| 336 ## - TIPO DE CONTENIDO |
| Término de tipo de contenido |
text |
| Fuente |
rdacontent |
| 337 ## - TIPO DE MEDIO |
| Nombre/término del tipo de medio |
unmediated |
| Fuente |
rdamedia |
| 338 ## - TIPO DE SOPORTE |
| Nombre/término del tipo de soporte |
volume |
| Fuente |
rdacarrier |
| 504 ## - NOTA DE BIBLIOGRAFÍA, ETC. |
| Nota de bibliografía, etc. |
Bibliografía al final de cada capítulo. |
| 504 ## - NOTA DE BIBLIOGRAFÍA, ETC. |
| Nota de bibliografía, etc. |
Índice: páginas 405-417. |
| 505 0# - NOTA DE CONTENIDO CON FORMATO |
| Nota de contenido con formato |
Introducción a la estadística -- Conceptos iniciales -- Análisis descriptivo de una variable cuantitativa -- Introducción a ala inferencia estadística -- Relación entre variables: dos cuantitativas (correlación de Person) -- Relación entre variables: una cualitativa categórica y una cuantitativa(correlación de Spearman) -- Relación entre variables: dos variables cualitativas (x^2 de Person) -- Pruebas de diferencia sobre una variable cuantitativa (prueba t student para muestras independientes o relacionadas) -- Pruebas de diferencia sobre una variable categórica ordinal (rangos con signo de Wilcoxon para muestras relacionadas, U de Mann-Whitney para dos grupos independientes, Krusskall-Wallis y el ANOVA de Friedman) -- Prueba de diferencia sobre una variable categórica nominal (prueba binomial del signo) -- Pruebas de diferencia sobre una variable cuantitativa (prueba F de un factor con medidas repetidas) -- Análisis de regresión lineal (regresión lineal simple). |
| 526 ## - NOTA DE INFORMACIÓN SOBRE EL PROGRAMA DE ESTUDIO |
| Nombre del programa |
Segunda Especialidad En Estadística Aplicada Para Investigación (A Distancia) |
| 526 ## - NOTA DE INFORMACIÓN SOBRE EL PROGRAMA DE ESTUDIO |
| Nombre del programa |
Segunda Especialidad En Estadística Aplicada Para Investigación |
| 526 ## - NOTA DE INFORMACIÓN SOBRE EL PROGRAMA DE ESTUDIO |
| Nombre del programa |
Odontología |
| 526 ## - NOTA DE INFORMACIÓN SOBRE EL PROGRAMA DE ESTUDIO |
| Nombre del programa |
Tecnología Médica En Terapia Física Y Rehabilitación (A Distancia) |
| 526 ## - NOTA DE INFORMACIÓN SOBRE EL PROGRAMA DE ESTUDIO |
| Nombre del programa |
Tecnología Médica En Terapia Física Y Rehabilitación (Semipresencial) |
| 526 ## - NOTA DE INFORMACIÓN SOBRE EL PROGRAMA DE ESTUDIO |
| Nombre del programa |
Tecnología Médica En Laboratorio Clínico Y Anatomía Patológica |
| 526 ## - NOTA DE INFORMACIÓN SOBRE EL PROGRAMA DE ESTUDIO |
| Nombre del programa |
Ingeniería De Ciencia De Datos E Inteligencia Artificial |
| 526 ## - NOTA DE INFORMACIÓN SOBRE EL PROGRAMA DE ESTUDIO |
| Nombre del programa |
Ingeniería Ambiental (Semipresencial) |
| 526 ## - NOTA DE INFORMACIÓN SOBRE EL PROGRAMA DE ESTUDIO |
| Nombre del programa |
Nutrición humana |
| 526 ## - NOTA DE INFORMACIÓN SOBRE EL PROGRAMA DE ESTUDIO |
| Nombre del programa |
Medicina humana |
| 526 ## - NOTA DE INFORMACIÓN SOBRE EL PROGRAMA DE ESTUDIO |
| Nombre del programa |
Ingeniería de industrias alimentarias |
| 526 ## - NOTA DE INFORMACIÓN SOBRE EL PROGRAMA DE ESTUDIO |
| Nombre del programa |
Ingeniería civil |
| 526 ## - NOTA DE INFORMACIÓN SOBRE EL PROGRAMA DE ESTUDIO |
| Nombre del programa |
Ingeniería ambiental |
| 526 ## - NOTA DE INFORMACIÓN SOBRE EL PROGRAMA DE ESTUDIO |
| Nombre del programa |
Enfermería |
| 526 ## - NOTA DE INFORMACIÓN SOBRE EL PROGRAMA DE ESTUDIO |
| Nombre del programa |
Educación secundaria, especialidad matemática e informática |
| 526 ## - NOTA DE INFORMACIÓN SOBRE EL PROGRAMA DE ESTUDIO |
| Nombre del programa |
Educación secundaria, especialidad ambiental, biología y química |
| 541 ## - NOTA DE FUENTE DE ADQUISICIÓN DIRECTA |
| -- |
F002-00000789; |
| 541 ## - NOTA DE FUENTE DE ADQUISICIÓN DIRECTA |
| -- |
F002-0001663; |
| 596 ## - |
| -- |
1 |
| 650 07 - PUNTO DE ACCESO ADICIONAL DE MATERIA--TÉRMINO DE MATERIA |
| Término de materia o nombre geográfico como elemento de entrada |
Probabilidades |
| Subdivisión de forma |
Problemas, ejercicios, etc. |
| Fuente del encabezamiento o término |
lemb |
| 650 04 - PUNTO DE ACCESO ADICIONAL DE MATERIA--TÉRMINO DE MATERIA |
| Término de materia o nombre geográfico como elemento de entrada |
Variables (Matemáticas) |
| Subdivisión de forma |
Problemas, ejercicios, etc. |
| Fuente del encabezamiento o término |
lemb |
| 650 #4 - PUNTO DE ACCESO ADICIONAL DE MATERIA--TÉRMINO DE MATERIA |
| Término de materia o nombre geográfico como elemento de entrada |
Estadística en psicología |
| Subdivisión de forma |
Problemas, ejercicios, etc. |
| Fuente del encabezamiento o término |
lemb |
| 650 04 - PUNTO DE ACCESO ADICIONAL DE MATERIA--TÉRMINO DE MATERIA |
| Término de materia o nombre geográfico como elemento de entrada |
Estadística en medicina |
| Subdivisión de forma |
Problemas, ejercicios, etc. |
| Fuente del encabezamiento o término |
lemb |
| 700 1# - ENTRADA AGREGADA--NOMBRE PERSONAL |
| Nombre de persona |
Escoto Ponce de León, María del Consuelo, |
| Término indicativo de función/relación |
autor. |
| 700 1# - ENTRADA AGREGADA--NOMBRE PERSONAL |
| Nombre de persona |
Chávez López, Joanna Koral, |
| Término indicativo de función/relación |
autor. |
| 700 1# - ENTRADA AGREGADA--NOMBRE PERSONAL |
| Nombre de persona |
Álvarez Álvarez, Erika, |
| Término indicativo de función/relación |
colaboradora. |
| 910 ## - DATOS DE OPCIÓN DEL USUARIO (OCLC) |
| Datos de opción del usuario |
dbm |
| -- |
sag |
| -- |
sag |
| -- |
20190311 |
| 910 ## - DATOS DE OPCIÓN DEL USUARIO (OCLC) |
| Datos de opción del usuario |
dbm |
| -- |
jpc |
| -- |
jpc |
| -- |
20191021 |
| 942 ## - ELEMENTOS DE ENTRADA SECUNDARIOS (KOHA) |
| Fuente del sistema de clasificación o colocación |
Clasificación Decimal Dewey |
| Tipo de ítem Koha |
|
| 994 ## - |
| -- |
C0 |
| -- |
PEPRU |
| 999 ## - NÚMEROS DE CONTROL DE SISTEMA (KOHA) |
| -- |
LC |
| -- |
79982 |
| -- |
2021-11-3 |
| -- |
2 |
| -- |
CCODEBUL1 |
| -- |
BUL |
| -- |
30.22 |
| -- |
0 |
| -- |
Y |
| -- |
BOOK |
| -- |
2019-3-11 |
| -- |
SALUD |
| -- |
P33 |
| -- |
COMPRA |
| -- |
FCOMPR2 |
| -- |
.STAFF. Colección Ciencias de la Salud |
| 999 ## - NÚMEROS DE CONTROL DE SISTEMA (KOHA) |
| -- |
LC |
| -- |
79983 |
| -- |
2019-7-17 |
| -- |
2021-11-3 |
| -- |
2 |
| -- |
CCODEBUL1 |
| -- |
BUL |
| -- |
1 |
| -- |
30.22 |
| -- |
0 |
| -- |
Y |
| -- |
BOOK |
| -- |
2019-3-11 |
| -- |
SALUD |
| -- |
P33 |
| -- |
COMPRA |
| -- |
FCOMPR2 |
| -- |
.STAFF. Colección Ciencias de la Salud |
| 999 ## - NÚMEROS DE CONTROL DE SISTEMA (KOHA) |
| -- |
LC |
| -- |
80719 |
| -- |
2021-11-8 |
| -- |
3 |
| -- |
CCODEBUL1 |
| -- |
BUL |
| -- |
28.00 |
| -- |
0 |
| -- |
Y |
| -- |
BOOK |
| -- |
2019-10-21 |
| -- |
EDUCACION |
| -- |
P59 |
| -- |
COMPRA |
| -- |
FCOMPR4 |
| -- |
.STAFF. Colección Ciencias Humanas y Educación |
| 980 ## - EQUIVALENCIA O REFERENCIA-CRUZADA-MENCIÓN DE SERIE--NOMBRE DE PERSONA/TÍTULO [LOCAL, CANADÁ] |
| ID del último usuario que modificó el registro |
1 |
| Nombre del último usuario que modificó el registro |
ALBERTO SANCHEZ Responsable de Automatización |